<?xml version="1.0" encoding="UTF-8"?>
<record
    xmlns:xsi="http://www.w3.org/2001/XMLSchema-instance"
    xsi:schemaLocation="http://www.loc.gov/MARC21/slim http://www.loc.gov/standards/marcxml/schema/MARC21slim.xsd"
    xmlns="http://www.loc.gov/MARC21/slim">

  <leader>03065nam a2200325 i 4500</leader>
  <controlfield tag="003">CSPC</controlfield>
  <controlfield tag="005">20260303105343.0</controlfield>
  <controlfield tag="008">260303s2025    ph a     b    000 0 eng d</controlfield>
  <datafield tag="040" ind1=" " ind2=" ">
    <subfield code="a">CSPC</subfield>
    <subfield code="b">eng </subfield>
    <subfield code="c">CSPC</subfield>
    <subfield code="e">rda </subfield>
  </datafield>
  <datafield tag="090" ind1=" " ind2=" ">
    <subfield code="a">UTH BSOA M544e 2025</subfield>
  </datafield>
  <datafield tag="100" ind1="1" ind2=" ">
    <subfield code="a">Merilles, Mario O., </subfield>
    <subfield code="e">author. </subfield>
  </datafield>
  <datafield tag="245" ind1="1" ind2="0">
    <subfield code="a">Evaluating administrative delivery of service through customer satisfaction survey / </subfield>
    <subfield code="c">Mario O. Merilles, Kristine Jewel N. Mongaya, Christine S. Monte, and Melody J. Narra. </subfield>
  </datafield>
  <datafield tag="260" ind1=" " ind2=" ">
    <subfield code="a">Buhi Camarines Sur : </subfield>
    <subfield code="b">Camarines Sur Polytechnic Colleges, </subfield>
    <subfield code="c">2025. </subfield>
  </datafield>
  <datafield tag="300" ind1=" " ind2=" ">
    <subfield code="a">108 leaves. </subfield>
  </datafield>
  <datafield tag="336" ind1=" " ind2=" ">
    <subfield code="2">rdacontent</subfield>
    <subfield code="a">text</subfield>
  </datafield>
  <datafield tag="337" ind1=" " ind2=" ">
    <subfield code="2">rdamedia</subfield>
    <subfield code="a">unmediated</subfield>
  </datafield>
  <datafield tag="338" ind1=" " ind2=" ">
    <subfield code="2">rdacarrier</subfield>
    <subfield code="a">volume</subfield>
  </datafield>
  <datafield tag="502" ind1=" " ind2=" ">
    <subfield code="a">Undergraduate Thesis (BSOA)-Office Administration. </subfield>
    <subfield code="c">Camarines Sur Polytechnic Colleges, 2025. </subfield>
  </datafield>
  <datafield tag="504" ind1=" " ind2=" ">
    <subfield code="a">Includes bibliographical references. </subfield>
  </datafield>
  <datafield tag="520" ind1="3" ind2=" ">
    <subfield code="a">This research aims to "Evaluate Administrative Delivery of Service Through Customer Satisfaction Survey" which sought to answer the profile of the clients in terms of: age, sex, educational attainment, frequency of transaction, types of services availed and the types of clients. Also, the level of customer satisfaction with the administrative services delivery in terms of: responsiveness, reliability, courtesy and professionalism, timeliness, accessibility and transparency. Is there a significant difference in customer satisfaction levels when grouped according to profile. What are the common issues or concerns experience by clients in the delivery of administrative services in terms of: Responsiveness, Reliability, Courtesy and professionalism timeliness, Accessibility and Transparency. And lastly, what action plan can be proposed to improve the delivery of administrative services. We use the descriptive-correlational method to determine, analyze, and interpret the answers to the problem of the study. Our findings indicate that the profile of the clients of CSPC Buhi Campus varies in terms of age, sex, educational attainment, frequency of transactions, type of service availed, and type of client, that the clients of CSPC Buhi Campus show varying levels of satisfaction with administrative services delivery in terms of responsiveness, reliability, courtesy and professionalism, timeliness, accessibility, and transparency, that there are common issues and concerns encountered by clients in the delivery of administrative services that affect their satisfaction. Lastly, the action plan may be proposed to improve customer satisfaction and enhance the quality administrative service delivery at CSPC Buhi Campus.   </subfield>
  </datafield>
  <datafield tag="700" ind1="1" ind2=" ">
    <subfield code="a">Mongaya, Kristine Jewel N., </subfield>
    <subfield code="e">author. </subfield>
  </datafield>
  <datafield tag="700" ind1="1" ind2=" ">
    <subfield code="a">Monte. Christine S., </subfield>
    <subfield code="e">author. </subfield>
  </datafield>
  <datafield tag="700" ind1="1" ind2=" ">
    <subfield code="a">Narra, Melody J., </subfield>
    <subfield code="e">author. </subfield>
  </datafield>
  <datafield tag="720" ind1="1" ind2=" ">
    <subfield code="a">Ta&#xF1;amor, Ma. Bernadette O., </subfield>
    <subfield code="e">adviser. </subfield>
  </datafield>
  <datafield tag="720" ind1="1" ind2=" ">
    <subfield code="a">Luzon, April Z., </subfield>
    <subfield code="e">panelist, chair. </subfield>
  </datafield>
  <datafield tag="720" ind1="1" ind2=" ">
    <subfield code="a">Villar, Mariber M., </subfield>
    <subfield code="e">panelist. </subfield>
  </datafield>
  <datafield tag="720" ind1="1" ind2=" ">
    <subfield code="a">Adriano, Rolando B., </subfield>
    <subfield code="e">panelist. </subfield>
  </datafield>
  <datafield tag="942" ind1=" " ind2=" ">
    <subfield code="2">ddc</subfield>
    <subfield code="n">0</subfield>
    <subfield code="c">UM</subfield>
    <subfield code="h">M544e</subfield>
    <subfield code="i">BSOA </subfield>
    <subfield code="k">UTH </subfield>
    <subfield code="m">2025</subfield>
  </datafield>
  <datafield tag="952" ind1=" " ind2=" ">
    <subfield code="0">0</subfield>
    <subfield code="1">0</subfield>
    <subfield code="2">ddc</subfield>
    <subfield code="4">0</subfield>
    <subfield code="7">0</subfield>
    <subfield code="a">BUHI</subfield>
    <subfield code="b">BUHI</subfield>
    <subfield code="c">UTH</subfield>
    <subfield code="d">2026-02-23</subfield>
    <subfield code="l">0</subfield>
    <subfield code="o">UTH BSOA M544e 2025</subfield>
    <subfield code="p">00276UM-BUH</subfield>
    <subfield code="r">2026-03-03 00:00:00</subfield>
    <subfield code="t">1-1</subfield>
    <subfield code="w">2026-03-03</subfield>
    <subfield code="y">UM</subfield>
  </datafield>
  <datafield tag="999" ind1=" " ind2=" ">
    <subfield code="c">31940</subfield>
    <subfield code="d">31940</subfield>
  </datafield>
</record>
